000 00292nam a2200121Ia 4500
005 20251222144903.0
008 251222s9999||||xx |||||||||||||| ||spa||
082 _a869.552/P19/1988
100 _aPalma, Ricardo
245 0 _aTradiciones Peruanas
264 _bVisión Peruana
942 _cLIB
999 _c22063
_d22063